000
00297nam a22001337a 4500
008
210226b ||||| |||| 00| 0 eng d
020
_a
0397473753
041
_a
eng
080
_2
4th
_a
159.9
100
_a
48
101
_a
PSI
245
_a
The Great Psychologists
_c
Watson,I.R
942
_2
udc
_c
BK
999
_c
55308
_d
55308